Tropical trees & shrubs planting : A practical guide
| Main Author: | |
|---|---|
| Format: | Book |
| Published: |
Petaling Jaya, Selangor :
Pelanduk Pub. ,
1997
|
| Subjects: |
MARC
| LEADER | 00000cam a2200000 7i4500 | ||
|---|---|---|---|
| 001 | 0000000259 | ||
| 005 | 20000727.0 | ||
| 020 | 0 | 0 | |a 9679786110 |
| 090 | 0 | 0 | |a MR715 |b ONG 1997 |
| 100 | 1 | 0 | |a ONG |h Guan Teck |
| 245 | 1 | 0 | |a Tropical trees & shrubs planting : |b A practical guide |c Ong Guan Teck |
| 260 | 0 | 0 | |a Petaling Jaya, Selangor : |b Pelanduk Pub. , |c 1997 |
| 300 | |a 85 p. : |b col. ill. ; |c 30 cm. | ||
| 650 | 0 | 0 | |a Landscape gardening |
| 650 | 0 | 0 | |a Landscape plants |
| 650 | 0 | 0 | |a Ornamental woody plants |
| 999 | |a 0000001441 |b Monograph |c Reference |e Default branch | ||